| 000 | 00332nam a2200133 a 4500 | ||
|---|---|---|---|
| 001 | 000034236 | ||
| 005 | 20200930070906.0 | ||
| 008 | 110928s1914 dr 000 0 spa d | ||
| 040 |
_aDO-SdBNP _bspa _cBNPHU |
||
| 245 | 0 | 0 | _aGranos de arena /. |
| 260 |
_a[Santo Domingo : _bs.n., _c1914]. |
||
| 300 |
_a55 p. ; _c21 cm. |
||
| 049 | _aBNPD | ||
| 999 |
_c33727 _d33727 |
||